Регионална библиотека "Любен Каравелов" - Русе

Японска граматика (Запис номер 98638)

MARC детайли
000 -Лидер
Контролно поле с фиксирана дължина 01125nam a2200325 c 4500
003 - Код на организацията, давaща контролен номер
Контролно поле BLK
005 - Дата и час на последна редакция
Контролно поле 20180824163359.0
008 - Елементи от данни с фиксирана дължина
fixed length control field 180409b bul|||||r ||||||| ||bul||
010 ## - Наследен системен номер
LC control number KNG00103585000
020 ## - Международен стандартен номер на книга ISBN
Международен стандартен номер на книга ISBN 954-461-021-9
-- издат.: Атлантида
040 ## - Източник на каталожния запис
Идентификатор на билиотеката - собственик на записа BLK
041 ## - Код за език
Код за езика на текст/звукозапис или на отделно заглавие Български
Код за езика КДБФ Български
Други езици Японски
080 ## - УДК
Текстов определител УДК Японски език
УДК код - определител по УДК 811.521
УДК определител (075)
УДК - код + определител 811.521(075)
100 1# - Редна дума - Автор
Автор Иванов, Братислав
Авторска отговорност първи автор
R(LIN) 368004
139 ## - Редно поле
Редна дума Иванов, Братислав и др.
Авторски знак Иванов - И 21
245 10 - Сведения за заглавието
Заглавие Японска граматика
Редно поле (дума) Братислав Иванов; съавт. Александър Киров.
257 ## - Страна на издаване
Страна на създаване/издаване България
260 ## - Област на издателските данни
-- София
Име на издателя, разпространителя и проч. Атлантида
Година на издаване 2000
300 ## - Физическа характеристика
Страници 232 с.
Размери/Мащаб 20 см
380 ## - Жанр
Жанр Езикознание. Филология
650 #4 - Допълнително описание по предмет – тема
Основно описание – тема или топоним Японски език - граматика
9 (RLIN) 257451
653 ## - Ключова дума – ненормативна
Ключова дума японски език
653 ## - Ключова дума – ненормативна
Ключова дума граматика
700 1# - Други автори (авторска отговорност)
Лично име Киров, Александър
Автороска отговорност (Описва отношението между автора и произведението) съавт.
9 (RLIN) 374456
852 ## - Местоположение
Форматна сигнатура Цб 212850
856 4# - Електронен адрес и достъп
Електронен формат pdf - файл
Път до файла /url/
856 4# - Електронен адрес и достъп
Електронен формат pdf - файл
Път до файла /url/
942 ## - АРТИКУЛИ
Вид на библиотечния материал Книги
Скрит в OPAC Не
Koha issues (borrowed), all copies 2
944 ## - СЪЗДАВАНЕ И РЕДАКЦИЯ на ЗАПИСА
Създаване/Редакция Създаване
Дата на регистрацията/редакция 01.01.2000
Служител, извършил регистрацията/редакцията Теодора_Стоянова
944 ## - СЪЗДАВАНЕ И РЕДАКЦИЯ на ЗАПИСА
Създаване/Редакция Редакция
Дата на регистрацията/редакция 15.01.2004
Служител, извършил регистрацията/редакцията
999 ## - СИСТЕМНИ КОНТРОЛНИ НОМЕРА
Koha biblionumber 98638
Koha biblioitemnumber 98638
Наличности
Код за отписване Код за изгубен артикул Източник на класификационната схема Код за повреда Коз за рестрикции Код за отдаване Артикулен № Име на библиотеката - собственик Име на библиотеката, в която се намира в момента Статус (Текущо местоположение) Дата на вписване в системата Местоположение - отдел Цена в лева Инвентарен номер Систематично азбучна сигнатура Баркод Номер на екземпляра Цена в евро Служебна бележка Служебен тип на артикула
  Не е изгубен Universal Decimal Classification Не е повреден без рестрикции заемане за дома 158663 Регионална библиотека "Любен Каравелов" Русе Регионална библиотека "Любен Каравелов" Русе ЧЧЗО - англ. ез. - Британски съвет 2002-10-07 ЧЧЗО - англ. ез. - Британски съвет 12.00 120000672730 Ч3 802/809/И 21 120000672730 1 6.14 Дост: Pk Вид: Ф N: 8595 Дата: 04.10.2002 Дата инв: 20.03.2015 Бележки инв: Ч32015 Книги
  Не е изгубен   Не е повреден без рестрикции ползва се в читалня 158664 Регионална библиотека "Любен Каравелов" Русе Регионална библиотека "Любен Каравелов" Русе Хранилище 2002-12-05 Основен фонд - ползва се само за читалня 12.00 120000673666 Цб 212850 120000673666 2 6.14 Дост: Pk Вид: Ф N: 44 Дата: 04.12.2002 Книги
Vip Innovations Ltd, Rousse, Bulgaria 2025